000 00299nam a22001337a 4500
020 _a9780743269698
082 _a294.356775 DAL
100 _aDalaiLama
245 _aHow to Expand Love
260 _aNew Yark
_bATRIA Books
_c2005
300 _a212
650 _aBuddhism _ Sprituality
942 _cBK
999 _c19741
_d19741